| 000 | 01382cam a22003973a 4500 | ||
|---|---|---|---|
| 001 | 12632316 | ||
| 003 | OSt | ||
| 005 | 20140310184418.0 | ||
| 008 | 991207s1999 nyua j 000 1 eng d | ||
| 010 | _a 2002536700 | ||
| 020 | _a9780590108430 | ||
| 035 | _a(OCoLC)ocm42950342 | ||
| 040 |
_aUPZ _cUPZ _dDLC |
||
| 042 | _alccopycat | ||
| 050 | 0 | 0 |
_aPZ 7 _b.Ab131Gr 1999 |
| 100 | 1 |
_aAbbott, Tony, _d1952- _926549 |
|
| 245 | 1 | 4 |
_aThe great ice battle / _cby Tony Abbott ; illustrated by Tim Jessell. |
| 260 |
_aNew York : _bScholastic, _c1999 |
||
| 300 |
_a87 p. : _bill. ; _c19 cm. |
||
| 440 | 4 |
_aThe secrets of Droon ; _v#5 _926550 |
|
| 500 | _a"A Little Apple paperback." | ||
| 520 | _aJaffa City is frozen under the spell of Lord Sparr. Eric, Julie, and Neal join with Princess Keeah to battle the enemy in the biggest snowball fight of all time! | ||
| 521 | _aG2 | ||
| 526 | _c350 | ||
| 562 | _e2 | ||
| 650 | 0 |
_aDroon (Imaginary place) _vJuvenile fiction. _926551 |
|
| 650 | 0 |
_aBlessing and cursing _vJuvenile fiction. _926552 |
|
| 655 | 7 |
_aFantasy fiction. _2gsafd _93053 |
|
| 700 | 1 |
_aJessell, Tim. _923337 |
|
| 710 | 2 |
_aCopyright Paperback Collection (Library of Congress) _5DLC _9705 |
|
| 906 |
_a7 _bcbc _ccopycat _d2 _encip _f20 _gy-genrareb |
||
| 942 |
_2lcc _cBK-SCHOLAS |
||
| 999 |
_c34191 _d34191 |
||